000 01140nab a22002177a 4500
999 _c5851
_d5851
003 OSt
005 20260108215851.0
008 190514b xxu||||| |||| 00| 0 spa d
040 _cPJ
100 _94336
_aPeracca, Ana G.
245 1 0 _aBalance, consolidación y desafíos en el régimen de bienes /
_cAna G. Peracca.
300 _ap. 75-91
505 _aSumario: I. Alcance.— II. Introducción.— III. El principio de igualdad, el enfoque de género y la violencia económica.— IV. La autonomía de la voluntad y la elección del régimen patrimonial.— V. El principio de solidaridad.— VI. Algunas cuestiones en torno a las cuales el debate sigue abierto.— VII. A modo de cierre especial.— VII. Brevísimas palabras de cierre.
505 _tSi te interesa el texto, comunicate a koha@justierradelfuego.gov.ar
650 0 _91497
_aCODIGO CIVIL Y COMERCIAL
650 0 _9967
_aDERECHO DE FAMILIA
650 0 _95328
_aRÉGIMEN DE COMUNIDAD DE BIENES
650 0 _95360
_aVIOLENCIA ECONÓMICA
773 0 _02844
_93222
_dBuenos Aires : AbeledoPerrot, 1989-
_tDerecho de familia. N° 120 - Julio 2025
_z18511201
942 _2udc
_cANA